000 00661nam a2200217 a 4500
001 BRL_274
005 20190320210651.0
008 170713s1960----gw-a######---#000-0#ger-#
041 _ager
044 _agw
050 4 _aTX716
_b.R45 1960
100 1 _aReitter, Helene
_923432
245 1 0 _aModerne Wiener Küche
_cHelene Reitter.
300 _a2 v.
_bil.
_c16 cm.
500 _aEstado físico: presenta desprendimiento de hojas, rasgaduras, solamente tiene tapa frontal, falta lomo y tapa posterior en ambos volúmenes
500 _avol.2 Au2338. vol.4 Au2342
650 1 4 _aCocina
_95735
650 1 4 _aRecetarios
_923131
902 _aGRL
942 _2lcc
_cB
999 _c9087
_d9087